000 01082nam a22002897a 4500
003 OSt
005 20250407104039.0
008 250407b |||||||| |||| 00| 0 eng d
020 _a9780323551557 (paperback)
040 _aNUST
_beng
_cNUST
_dNUST
_erda
050 _aRT41 CLI
245 _aClinical companion to Lewis's medical surgical nursing :
_bassesment and management of clinical problems /
_cprepared by Debra Halger, Mariam M. Harding, Jeffrey Kwong, Dottie Roberts and Courtney Reiniseh.
250 _aEleveneeth edition.
260 _aSt. Louis, Missouri :
_bElsevier,
_c2020.
300 _axii, 802 pages :
_bIllustrations ;
_c19 cm.
336 _2rdamedia
_atext
_btxt
337 _2rdamedia
_aunmediated
_bn
338 _2rdamedia
_avolume
_bnc
504 _aIncludes index.
650 _vSurgical nursing.
650 _vNursing.
650 _vPerioperative Nursing.
700 _aHagler, Dedra
_eAuthor
700 _aHarding, Mariam M
_eAuthor
700 _aKwong, Jeffrey
_eAuthor
942 _2lcc
_cBOOKS
_eEleveneeth edition.
_hRT41 CLI
_kRT
_mCLI
_n0
999 _c171566
_d171566